Deutsche Interpreten in den US-Charts seit 1975 - Statistiken

Allgemein
  • Dieses Quiz wurde 284 mal gespielt
  • Das Durchschnittsergebnis liegt bei 8 aus 47
Antwortstatistiken
Lied Künstler % Korrekt
99 Luftballons Nena
94%
u.a. Wind Of Change Scorpions
72%
Forever Young / Big In Japan Alphaville
64%
u.a. Everytime We Touch Cascada
57%
Mambo No.5 / Tricky Tricky Lou Bega
52%
u.a. Rivers Of Babylon Boney M.
44%
Trans Europa Express / Autobahn Kraftwerk
40%
Cheerleader ( ________ Remix) Felix Jaehn
38%
Stolen Dance Milky Chance
38%
u.a. Waves Robin Schulz
36%
u.a. Rhythm Is A Dancer Snap!
35%
No Roots Alice Merton
34%
The Different Story / Major Tom Peter Schilling
32%
Coco Jambo Mr. President
27%
Mr. Vain Culture Beat
25%
u.a. Girl I’m Gonna Miss You Milli Vanilli
19%
Around The World (la la la la la) ATC
18%
Axel F Harold Faltermeyer
18%
u.a. Be My Lover La Bouche
16%
Bounce Sarah Connor
13%
Kernkraft 400 Zombie Nation
10%
The Great Commandment Camouflage
9%
u.a. Return To Innocence Enigma
7%
More & More Captain Hollywood Project
6%
u.a. Where Do You Go No Mercy
6%
Get Ready To Bounce Brooklyn Bounce
4%
u.a. Fly, Robin, Fly Silver Convention
4%
u.a. Starving Zedd
4%
Toca’s Miracle Fragma
2%
u.a. Another Night Real McCoy
2%
Delirious (Boneless) (mit Steve Aoki und Kid Ink) Tujamo
2%
Heaven (mit DJ Sammy & Do) Yanou
2%
Let The Music Heal Your Soul Bravo All Stars
1%
Evacuate The Dancefloor (mit Cascada) Carlprit
1%
DJ Company DJ Company
1%
Stairway to Heaven Far Corporation
1%
u.a. Don’t Go Away Fun Factory
1%
Holiday / We Are What We Are The Other Ones
1%
Save Your Love Bad Boys Blue
0%
The Beat Is Hot B.G. The Prince of Rap
0%
Your Loving Arms Billie Ray Martin
0%
Should I Love You Cee Farrow
0%
The Seduction (Love Theme) James Last Band
0%
Don’t Want Nobody J. D. Drews
0%
Time Bomb Lake
0%
Anytime McAuley Schenker Group
0%
Everything’s Gonna Be Alright Sweetbox
0%
Keine übereinstimmenden Quizze gefunden
Verteilung der Resultate
Anzahl Personen mit jedem Resultat
Perzentil nach korrekt beantworteten Fragen
Ihre Resultats-Entwicklung
Sie haben dieses Quiz noch nicht gespielt